Normal view
MARC view
Entry Topical Term
001 - CONTROL NUMBER
- control field: 55052
003 - CONTROL NUMBER IDENTIFIER
- control field: OSt
005 - DATE AND TIME OF LATEST TRANSACTION
- control field: 20241011151425.0
008 - FIXED-LENGTH DATA ELEMENTS
- fixed length control field: 241011|| aca||aabn | a|a d
040 ## - CATALOGING SOURCE
- Original cataloging agency: OSt
- Transcribing agency: OSt
150 ## - HEADING--TOPICAL TERM
- Topical term or geographic name entry element: စေတီပုထိုး
- Geographic subdivision: ဇလွန်မြို့
670 ## - SOURCE DATA FOUND
- Source citation: Work cat.: (OSt)16863: မောင်ရှင်း၊ ဦး၊ ဆရာ, ဇလွန်မြို့မရ်အောင်မြင်ပြည်တော်ပြန် မြတ်စွာဘုရားကြီး (သမိုင်းအကျဉ်းချုပ်) /, ၁၉၉၃။